000
00320nam a2200133Ia 4500
005
20251222143130.0
008
251222s9999||||xx |||||||||||||| ||spa||
020
_a
84-95645-61-0
082
_a
809.01/C17
100
_a
Callejo Cabo, Jesús
245
0
_a
Enigmas Literarios:
264
_b
Corona Borealis
942
_c
LIB
999
_c
11878
_d
11878